Koncepčný návrh "Mild-Drive" teleskopického rýpadla UDS132

Salvato in:
Dettagli Bibliografici
Autore principale: Godek, Daniel (Autore)
Altri autori: Kurilla, Matej (Relatore della tesi)
Natura: Manoscritto Libro
Lingua:slovacco
Pubblicazione: 2023
Soggetti:
Accesso online:http://is.stuba.sk/zp/portal_zp.pl?podrobnosti=172095
Tags: Aggiungi Tag
Nessun Tag, puoi essere il primo ad aggiungerne!!

MARC

LEADER 00000ntm a22000003a 4500
001 stuzp94635
003 SK-STU
005 20240424131325.0
007 ta
008 150427s2015----xo-----f-mn---000-0-slo-d
040 |a STU  |b slo 
041 0 |a slo 
100 1 |a Godek, Daniel  |u 020030  |4 aut  |U SjF Strojnícka fakulta  |T SjF Ústav dopravnej techniky a konštruovania  |X 98674  |U J0030  |Y 806  |7 98674 
242 0 1 |a Conceptual design of an "Mild-Drive" telescopic excavator UDS132  |y eng 
245 1 0 |a Koncepčný návrh "Mild-Drive" teleskopického rýpadla UDS132 
260 |c 2023 
650 4 |a mild hybrid  |2 slo 
650 4 |a hybridný pohon  |2 slo 
650 4 |a hybridné rýpadlo  |2 slo 
650 4 |a downsizing  |2 slo 
650 4 |a downsizing  |2 eng 
650 4 |a hybrid drive  |2 eng 
650 4 |a hybrid excavator  |2 eng 
650 4 |a mild hybrid  |2 eng 
700 1 |a Kurilla, Matej  |u 020060  |k Z3  |4 ths  |U SjF Strojnícka fakulta  |T SjF Ústav energetických strojov a zariadení  |X 55162  |U J0060  |Y 805  |7 55162 
856 4 |u http://is.stuba.sk/zp/portal_zp.pl?podrobnosti=172095 
996 |b 284J047525  |c J* 3647/DDP  |l JJSK  |s A  |a 24  |w stuzp94635_0001